Central Library OPAC University of Rajshahi

সম্পত্তি হস্তান্তর আইনের ভাষ্য / (Record no. 77824)

MARC details
000 -LEADER
fixed length control field 00845nam a2200217 a 4500
001 - CONTROL NUMBER
control field 77824
003 - CONTROL NUMBER IDENTIFIER
rucl marc code BD-RjUL
005 - DATE AND TIME OF LATEST TRANSACTION
control field 20211209083031.0
008 - FIXED-LENGTH DATA ELEMENTS--GENERAL INFORMATION
fixed length control field 210124s1977 bg ||||| |||| 00| 0 ben d
035 ## - SYSTEM CONTROL NUMBER
System control number (BD-RjUL)78050
040 ## - CATALOGING SOURCE
Original cataloging agency BD-RjUL
Language of cataloging eng
Transcribing agency BD-RjUL
041 ## - LANGUAGE CODE
Language code of text/sound track or separate title ben
082 ## - DEWEY DECIMAL CLASSIFICATION NUMBER
Edition number 23
Classification number 346.54920436
Author mark and year RAS 1977
100 ## - MAIN ENTRY--PERSONAL NAME
Personal name রহমান, গাজী শামছুর
9 (RLIN) 243841
245 10 - TITLE STATEMENT
Title সম্পত্তি হস্তান্তর আইনের ভাষ্য /
Statement of responsibility, etc. গাজী শামছুর রহমান
260 ## - PUBLICATION, DISTRIBUTION, ETC. (IMPRINT)
Place of publication, distribution, etc. ঢাকা :
Name of publisher, distributor, etc. বাংলা একাডেমী,
Date of publication, distribution, etc. ১৯৭৭
300 ## - PHYSICAL DESCRIPTION
Pagination ৪০৩ পৃ.;
Size ২৪ সেমি.
650 ## - SUBJECT ADDED ENTRY--TOPICAL TERM
Topical term or geographic name as entry element স্থানান্তর (আইন)
Geographic subdivision বাংলাদেশ
9 (RLIN) 243842
Topical term or geographic name as entry element Transfer (Law)
Geographic subdivision Bangladesh
9 (RLIN) 243843
942 ## - ADDED ENTRY ELEMENTS (KOHA)
Source of classification or shelving scheme Dewey Decimal Classification
Koha item type Books
Holdings
Lost status Source of classification or shelving scheme Damaged status Not for loan Collection code Permanent Location Current Location Shelving location Date acquired Cost, normal purchase price Total Checkouts Full call number Date last seen Copy number Koha item type
  Dewey Decimal Classification   Not For Loan Non-fiction Central Library, University of Rajshahi Central Library, University of Rajshahi Reading Room 24/01/2021 40.00   B 346.54920436 RAS 1977 24/01/2021 C-1 Books